Catalog

Record Details

Catalog Search



USS Alabama : hooray for the Mighty A!  Cover Image Book Book

USS Alabama : hooray for the Mighty A! / by Karyn W. Tunks ; illustrated by Julie Dupré Buckner.

Summary:

The USS Alabama has welcomed visitors to Mobile Bay since 1965, but without the help of some dedicated schoolchildren, the mighty battleship might have been lost forever. Complete with a glossary, illustrated ship s diagram, and timeline, USS Alabama: Hooray for the Mighty A! offers young readers a glimpse of the fascinating history of the battleship and the way even the smallest of actions can produce incredible results. Home to thousands of U.S. sailors, the USS Alabama fought bravely in World War II, but after she finished her service, the battleship was set to be scrapped. The people of Alabama decided they had to save the mighty ship named for their proud state. No one was more determined than Alabama s schoolchildren. Instead of spending their allowance, children gave their pennies, nickels, dimes, and quarters to save the battleship and they raised almost

Record details

  • ISBN: 1455627763
  • ISBN: 9781455627769
  • Physical Description: 1 volume (unpaged) : color illustrations ; 23 x 29 cm
  • Edition: First Pelican edition.
  • Publisher: New Orleans, Louisana : Pelican Publishing, 2023.

Content descriptions

General Note:
"50th anniversary Battleship Memorial Park, Mobile, AL"--Cover.
Includes glossary and timeline.
Subject: Alabama (Battleship : BB-60)
South Dakota Class (Battleships)
World War, 1939-1945 > Naval operations, American.
War memorials > Alabama.
Alabama
Genre: Juvenile Works
Nonfiction
Military Books
Boats & Ships Books
Alabama History

Available copies

  • 1 of 1 copy available at scottsboropl.

Holds

  • 0 current holds with 1 total copy.
Show Only Available Copies
Location Call Number / Copy Notes Barcode Shelving Location Status Due Date
scottsboropl E 940.5 Tun 32269001247975 Juvenile - Easy NonFiction Available -

LDR 02240cam a2200409M 4500
001162870
003SBPL
00520240312144013.0
008230823s2023 xx 000 0 eng d
020 . ‡a1455627763 ‡q(hardcover)
020 . ‡a9781455627769 ‡q(hardcover)
035 . ‡a(OCoLC)1394891006
08204. ‡a940.545 ‡223
1001 . ‡aTunks, Karyn Wellhousen, ‡eauthor.
24510. ‡aUSS Alabama : ‡bhooray for the Mighty A! / ‡cby Karyn W. Tunks ; illustrated by Julie Dupré Buckner.
250 . ‡aFirst Pelican edition.
264 1. ‡aNew Orleans, Louisana : ‡bPelican Publishing, ‡c2023.
300 . ‡a1 volume (unpaged) : ‡bcolor illustrations ; ‡c23 x 29 cm
336 . ‡atext ‡btxt ‡2rdacontent
337 . ‡aunmediated ‡bn ‡2rdamedia
338 . ‡avolume ‡bnc ‡2rdacarrier
500 . ‡a"50th anniversary Battleship Memorial Park, Mobile, AL"--Cover.
500 . ‡aIncludes glossary and timeline.
520 . ‡aThe USS Alabama has welcomed visitors to Mobile Bay since 1965, but without the help of some dedicated schoolchildren, the mighty battleship might have been lost forever. Complete with a glossary, illustrated ship s diagram, and timeline, USS Alabama: Hooray for the Mighty A! offers young readers a glimpse of the fascinating history of the battleship and the way even the smallest of actions can produce incredible results. Home to thousands of U.S. sailors, the USS Alabama fought bravely in World War II, but after she finished her service, the battleship was set to be scrapped. The people of Alabama decided they had to save the mighty ship named for their proud state. No one was more determined than Alabama s schoolchildren. Instead of spending their allowance, children gave their pennies, nickels, dimes, and quarters to save the battleship and they raised almost ‡100,000! Their great effort helped save the Mighty A , and secure her permanent home in Mobile Bay. Author Karyn Tunks traces the story of the children s efforts in this informative and entertaining account of the USS Alabama s service. Tunks reveals a wealth of detail about life at sea and the many challenges Alabamians faced in securing the ship s permanent home. Artist Julie Dupré Buckner captures the feeling of the era in her detailed, vivid illustrations of the ship, those who called her home, and those who saved her for future generations to appreciate and enjoy.
61020. ‡aAlabama (Battleship : BB-60)
650 0. ‡aSouth Dakota Class (Battleships)
650 0. ‡aWorld War, 1939-1945 ‡xNaval operations, American.
650 0. ‡aWar memorials ‡zAlabama.
6510 . ‡aAlabama
6550 . ‡aJuvenile Works
6550 . ‡aNonfiction
6550 . ‡aMilitary Books
6550 . ‡aBoats & Ships Books
6550 . ‡a Alabama History
7001 . ‡aBuckner, Julie Dupré., ‡eillustrator.
901 . ‡a162870 ‡bAUTOGEN ‡c162870 ‡tbiblio

Additional Resources